| 000 | 00454nam a2200145 i 4500 | ||
|---|---|---|---|
| 001 | 72377 | ||
| 003 | ES-MaACL | ||
| 005 | 20230906171424.0 | ||
| 007 | t| | ||
| 008 | 040831s1972 sp ||||1| cat d | ||
| 245 | 0 | 0 |
_aBibliografía dels moviments socials a Catalunya, Pais Valenciá i les Illes / _cdirigida per E. Giralt y Raventos. |
| 260 |
_aBarcelona : _bLavinia, _c[1972] |
||
| 300 |
_aXIV, 768 p. ; _c22 cm. |
||
| 852 |
_aES-MaACL _jC-42731 _bR.81554 |
||
| 999 |
_c72377 _d72377 |
||